विनोबा - जीवन - दर्शन (Record no. 1221919)

MARC details
000 -LEADER
fixed length control field 00533nam a2200157Ia 4500
008 - FIXED-LENGTH DATA ELEMENTS--GENERAL INFORMATION
fixed length control field 260520s2017 xx 000 0 und d
041 ## - LANGUAGE CODE
Language code of text/sound track or separate title mar
082 ## - DEWEY DECIMAL CLASSIFICATION NUMBER
Classification number 181.4/BHA
100 ## - MAIN ENTRY--PERSONAL NAME
Personal name भावे, विनोबा
245 ## - TITLE STATEMENT
Title विनोबा - जीवन - दर्शन
250 ## - EDITION STATEMENT
Edition statement 2nd ed
260 ## - PUBLICATION, DISTRIBUTION, ETC.
Place of publication, distribution, etc. मुंबई
Name of publisher, distributor, etc. महाराष्ट्र राज्य साहित्य आणि संस्कृती मंडळ
Date of publication, distribution, etc. 2017
300 ## - PHYSICAL DESCRIPTION
Extent 808p.
500 ## - GENERAL NOTE
General note Cat No: 15195
650 ## - SUBJECT ADDED ENTRY--TOPICAL TERM
Topical term or geographic name entry element PHYLOSOPHY
Holdings
Withdrawn status Lost status Damaged status Not for loan Collection Home library Current library Shelving location Date acquired Source of acquisition Cost, normal purchase price Total Checkouts Full call number Barcode Date last seen Price effective from Koha item type Public note
          Dr.Patangrao Kadam Mahavidyalaya, Sangli Dr.Patangrao Kadam Mahavidyalaya, Sangli   20/04/2026 Shaskiy Prakashane Vikri Kendra, Kolhapur 238.00   181.4/BHA PKS-25293 20/05/2026 20/05/2026 Book General book section